000 00820nam a22002411u 4500
001 05859
003 HDC
007 cr bn ---aaaaa
008 210121p9999 | d 00 engg
040 _aHDC
245 0 _aFUTURE FINANCE: Malaysia, Your Business Connection To Global Islamic Finance
260 _a[no place] :
_b[publisher not identified],
_c[no year]
300 _a 1 online resource (86 pages)
336 _atext
_2rdacontent
337 _acomputer
_2rdamedia
338 _aonline resource
_2rdacarrier
650 _aFinance
_9103
650 _aIslamic global
_96156
856 _zRequest full-text at [email protected]
942 _2lcc
942 _cEIS
942 _kREPT 000209
999 _c3183
_d3183